000 05435namaa22004211i 4500
003 OSt
005 20260511093918.0
008 250827s2025 ua a|||frm||| 000 0 eng d
040 _aEG-GICUC
_bara
_cEG-GICUC
_dEG-GICUC
_erda
041 0 _aara
_bara
_beng
049 _aإيداع
082 0 4 _a346.0166
092 _a346.0166
_221
097 _aدكتوراه‎
099 _aCai01.02.01.Ph.D.2025.أم.ح
100 0 _a،أمل محمود عبد الفتاح
_eإعداد.
245 1 0 _aحق الزوجة في الخُلع بين التمكين القانوني والواقع :
_bدراسة ميدانية على عينة من الزوجات المخُالعات بالقاهرة الكبرى /
_cإعداد أمل محمود عبد الفتاح؛ إشراف أ.د/ عدلي محمود السمري، د./ محمد عبدالسلام أبوزيد.
246 1 5 _aThe wife's right to khula between legal empowerment and reality :
_bField study on a sample of almukhalieat wives in great cairo /
264 0 _c2025.
300 _a287 صفحة :
_bإيضاحيات ؛
_c25 سم. +
_eCD.
336 _atext
_2rda content
337 _aUnmediated
_2rdamedia
338 _avolume
_2rdacarrier
502 _aأطروحة (دكتوراه)-جامعة القاهرة، 2025.
504 _aببليوجرافيا: صفحات 270-282.
520 _aهدف هذه الدراسة الوقوف على واقع استخدام الزوجة لحق الخُلع في ضوء التمكين القانونيً لها؛ وذلك من خلال الكشف عن السياق الاجتماعي لما قبل الخُلع، والمصاحب له، وما بعده. اعتمدت الدراسة على النظرية البنائية الوظيفية، ونظرية التبادل الاجتماعي، والنظرية النسوية، ونظرية بناء القوة وصنع القرار، ومدخل التمكين القانوني.اعتمدت الدراسة على المنهج الوصفي التحليلي، ودراسة الحالة كطريقة عامة للدراسة، وتم استخدام أداة دليل المقابلة لحالات من الزوجات المُخالعات لأزواجهن بلغت (26) حالة. من أهم نتائج الدراسة: تعثر استمرارية العلاقة الزواجية بين الزوجين، ووجود العديد من الخلافات الأسرية والاقتصادية والنفسية والاجتماعية والسلوكية، وصعوبة التوصل لحلول جذرية للإصلاح أو التغيير، والتي تم على أثرها الانفصال. أن قرار الزوجة برفع دعوى الخُلع ليس قراراً متسرعاً، وإنما هو قرار ناتج عن مشورة المحيطين بها. يمكن للزوجة المتضررة الانتفاع من التمكين القانوني لحق الخُلع بشكل كامل من خلال تعزيز محو الأمية القانونية لها، وتسهيل الخدمات القانونية في إطار مؤسسي وإنشاء المنظمات التابعة للدولة والمجتمع حتى يتسنى لها المعرفة الشاملة بالقانون وكيفية الاستفادة منه.
520 _aThe aims of this study to examine the reality of the wife’s use of the right to Khula in light of her legal empowerment. This is done by revealing the social context before the khula, what accompanies it, and what follows it.The study relied on constructivist-functional theory, social exchange theory, feminist theory, power building and decision-making theory, and the legal empowerment approach.The study relied on the descriptive analytical approach, and the case study as a general method of study, and the interview guide tool was used for (26) cases of wives who Khulad their husbands.One of the most important results of the study: The faltering continuity of the marital relationship between the spouses, the presence of many family, economic, psychological, social and behavioral differences, and the difficulty of reaching radical solutions for reform or change, as a result of which separation occurred.The wife’s decision to file a Khula suit is not a hasty decision, but rather a decision resulting from the advice of those around her.The aggrieved wife can fully benefit from the legal empowerment of the right to Khula by enhancing her legal literacy, facilitating legal services within an institutional framework and establishing state and community organizations so that she has comprehensive knowledge of the law and how to benefit from it.
530 _aصدر أيضًا كقرص مدمج.
546 _aالنص بالعربية والملخص باللغة الإنجليزية والعربية.
650 7 _a‪الطلاق
_2qrmak
653 0 _aحقوق المرأة
_aحق الزوجة
_aالخُلع
700 0 _aعدلي محمود السمري
_eمشرف أطروحة.
700 0 _aمحمد عبدالسلام أبوزيد
_eمشرف أطروحة.
900 _b07-05-2025
_cعدلي محمود السمري
_cمحمد عبدالسلام أبوزيد
_dشريف محمد عوض محمد
_dأمل عبدالفتاح عطوة شمس
_Uجامعة القاهرة
_Fكلية الآداب
_Dقسم علم الاجتماع
905 _aSara
942 _2ddc
_cTH
_e21
_n0
999 _c180089